Countries by Profit in Economy (CAB) - Statistics

General Stats
  • This quiz has been taken 31 times
  • The average score is 14 of 18
Answer Stats
Hint Answer % Correct
+ 164,900 China
96%
+ 296,000 Germany
93%
+ 195,400 Japan
93%
+ 78,460 South Korea
85%
+ 56,070 Italy
81%
+ 20,340 Norway
81%
+ 40,250 Russia
81%
+ 21,700 Spain
81%
+ 17,010 Sweden
81%
+ 24,600 Denmark
78%
+ 80,880 Netherlands
70%
+ 18,230 Saudi Arabia
70%
+ 63,210 Switzerland
70%
+ 41,880 Ireland
67%
+ 60,990 Singapore
67%
+ 17,630 United Arab Emirates
67%
+ 18,400 Iran
63%
+ 49,280 Thailand
63%
No matching quizzes found
Score Distribution
Percent of People with Each Score
Percentile by Number Answered
Your Score History
You have not taken this quiz